[Event "Titled Tuesday intern op 06th Apr"]
[Site "Chess.com INT"]
[Date "2021.04.06"]
[Round "2"]
[White "Creanga, Robert Ionut"]
[Black "Fernandez Sanchez, Mario Andres"]
[Result "1-0"]
[WhiteElo "2116"]
[BlackElo "2093"]
[PlyCount "65"]
[EventDate "2021.04.06"]
[EventType "swiss (blitz)"]
[EventRounds "11"]
[EventCountry "USA"]
[SourceTitle "CBM 201 Extra"]
[Source "ChessBase"]
[SourceDate "2021.05.31"]
[SourceVersion "1"]
[SourceVersionDate "2021.05.31"]
[SourceQuality "1"]

1. d4 d5 2. c4 c6 3. Nc3 Nf6 4. e3 g6 5. Nf3 Bg7 6. Be2 0-0 7. 0-0 e6 8. Bd2 Re8 9. Rc1 Nbd7 10. b4 a6 11. a4 Qb6 12. Qb3 h6 13. b5 axb5 14. axb5 Ne4 15. Rfd1 Nxd2 16. Nxd2 dxc4 17. Nxc4 Qc7 18. Ne4 e5 19. Ned6 Re6 20. Nxc8 Rxc8 21. dxe5 Nxe5 22. Nxe5 Bxe5 23. g3 Rd8 24. Rxd8+ Qxd8 25. Bc4 Re7 26. bxc6 bxc6 27. Rd1 Qb8 28. Qxb8+ Bxb8 29. Rd8+ Kg7 30. Rxb8 Re4 31. Be2 h5 32. Rc8 Re6 33. Bf3 1-0

[Event "Titled Tuesday intern op 23rd Mar"]
[Site "Chess.com INT"]
[Date "2021.03.23"]
[Round "7"]
[White "Politov, Pavel Y"]
[Black "Fernandez Sanchez, Mario Andres"]
[Result "1-0"]
[WhiteElo "2190"]
[BlackElo "2093"]
[PlyCount "67"]
[EventDate "2021.03.23"]
[EventType "swiss (blitz)"]
[EventRounds "11"]
[EventCountry "USA"]
[SourceTitle "CBM 201 Extra"]
[Source "ChessBase"]
[SourceDate "2021.05.31"]
[SourceVersion "1"]
[SourceVersionDate "2021.05.31"]
[SourceQuality "1"]

1. e4 c5 2. Nf3 Nc6 3. d4 cxd4 4. Nxd4 g6 5. Nc3 Bg7 6. Be3 Nf6 7. Bc4 0-0 8. Bb3 a5 9. 0-0 a4 10. Nxa4 Nxe4 11. Nb5 d6 12. Qe2 Nf6 13. Rfd1 Bg4 14. f3 Bd7 15. c4 Na5 16. Bc2 Be6 17. Nb6 Ra6 18. b4 Rxb6 19. bxa5 Ra6 20. Bb6 Rxb6 21. axb6 Qxb6+ 22. Qf2 Qa5 23. Bb3 Nd7 24. Rac1 Nc5 25. Nd4 Bd7 26. Nc2 Ra8 27. Ne3 Qa3 28. Nd5 Nxb3 29. axb3 Qxb3 30. Nxe7+ Kf8 31. Nd5 Ra2 32. Rd2 Ra4 33. Qh4 Be8 34. Qe7+ 1-0

[Event "Titled Tuesday intern op 09th Mar"]
[Site "Chess.com INT"]
[Date "2021.03.09"]
[Round "8"]
[White "Fernandez Sanchez, Mario Andres"]
[Black "Bures, Vit"]
[Result "1-0"]
[WhiteElo "2093"]
[BlackElo "2119"]
[PlyCount "91"]
[EventDate "2021.03.09"]
[EventType "swiss (blitz)"]
[EventRounds "11"]
[EventCountry "USA"]
[SourceTitle "CBM 201 Extra"]
[Source "ChessBase"]
[SourceDate "2021.05.31"]
[SourceVersion "1"]
[SourceVersionDate "2021.05.31"]
[SourceQuality "1"]

1. d4 d5 2. c4 c6 3. Nf3 Nf6 4. cxd5 cxd5 5. Nc3 Nc6 6. Bf4 Bf5 7. e3 e6 8. Bb5 Nd7 9. 0-0 Be7 10. a3 Rc8 11. Rc1 g5 12. Bg3 h5 13. h4 gxh4 14. Bf4 Rg8 15. b4 h3 16. g3 h4 17. Bxc6 Rxc6 18. Nb5 hxg3 19. fxg3 Qb6 20. Qa4 a6 21. Nc7+ Kd8 22. Rxc6 bxc6 23. Qxa6 Qxa6 24. Nxa6 Bd3 25. Nc5 Bxf1 26. Kxf1 Bxc5 27. bxc5 f6 28. a4 Kc8 29. Kg1 Kb7 30. Kh2 Ra8 31. Kxh3 Rxa4 32. g4 Ra8 33. g5 fxg5 34. Nxg5 Re8 35. Nf7 Ka6 36. Nd6 Rh8+ 37. Kg2 Ka5 38. Kf3 Kb4 39. e4 Kc3 40. exd5 exd5 41. Nf5 Rf8 42. Ne7 Rf6 43. Ke3 Kc4 44. Nc8 Re6+ 45. Be5 Nxe5 46. Nb6+ 1-0

[Event "Titled Tuesday intern op 09th Mar"]
[Site "Chess.com INT"]
[Date "2021.03.09"]
[Round "7"]
[White "Fernandez Sanchez, Mario Andres"]
[Black "Grineva, Marianna"]
[Result "0-1"]
[WhiteElo "2093"]
[BlackElo "1997"]
[PlyCount "102"]
[EventDate "2021.03.09"]
[EventType "swiss (blitz)"]
[EventRounds "11"]
[EventCountry "USA"]
[SourceTitle "CBM 201 Extra"]
[Source "ChessBase"]
[SourceDate "2021.05.31"]
[SourceVersion "1"]
[SourceVersionDate "2021.05.31"]
[SourceQuality "1"]

1. d4 d6 2. Nf3 c6 3. Bf4 Nd7 4. c3 h6 5. h3 g5 6. Bh2 Bg7 7. e3 Nf8 8. Bc4 Ng6 9. Nbd2 b5 10. Bb3 g4 11. hxg4 Bxg4 12. Qc2 Nf6 13. a4 a5 14. Bg3 h5 15. Nh4 Nxh4 16. Bxh4 Qd7 17. Ne4 Bf5 18. Nxf6+ Bxf6 19. e4 Bg6 20. Bxf6 exf6 21. axb5 cxb5 22. Bd5 Ra7 23. 0-0 0-0 24. Qe2 Kg7 25. f4 f5 26. Rae1 Rh8 27. exf5 Qxf5 28. Be4 Qxe4 29. Qxe4 Bxe4 30. Rxe4 Kf6 31. Ra1 Rg8 32. Kf2 Kf5 33. Kf3 h4 34. Rae1 Rg3+ 35. Kf2 b4 36. cxb4 axb4 37. Re7 Rxe7 38. Rxe7 f6 39. d5 Rb3 40. Re6 Rxb2+ 41. Kg1 Rd2 42. Rxd6 b3 43. Rb6 b2 44. Kh2 Kg4 45. Kg1 Rd1+ 46. Kh2 b1Q 47. Rxb1 Rxb1 48. d6 Rd1 49. f5 Rxd6 50. Kh1 Kg3 51. Kg1 Rd1# 0-1

[Event "Titled Tuesday intern op 09th Mar"]
[Site "Chess.com INT"]
[Date "2021.03.09"]
[Round "4"]
[White "Fernandez Sanchez, Mario Andres"]
[Black "Migot, Tangi"]
[Result "0-1"]
[WhiteElo "2093"]
[BlackElo "2353"]
[PlyCount "104"]
[EventDate "2021.03.09"]
[EventType "swiss (blitz)"]
[EventRounds "11"]
[EventCountry "USA"]
[SourceTitle "CBM 201 Extra"]
[Source "ChessBase"]
[SourceDate "2021.05.31"]
[SourceVersion "1"]
[SourceVersionDate "2021.05.31"]
[SourceQuality "1"]

1. d4 Nf6 2. Nf3 d6 3. Bf4 g6 4. e3 Bg7 5. Be2 0-0 6. 0-0 c5 7. c3 Be6 8. Nbd2 Qb6 9. Qb1 Nc6 10. h3 cxd4 11. exd4 Bf5 12. Qc1 Rac8 13. Nc4 Qa6 14. Qd2 Ne4 15. Qe3 b5 16. Ncd2 Nxd2 17. Nxd2 Qb7 18. Bf3 Rfe8 19. Rfe1 e5 20. dxe5 dxe5 21. Bh6 Qc7 22. Bxg7 Kxg7 23. Ne4 Bxe4 24. Qxe4 Na5 25. Rac1 Nc4 26. Qe2 e4 27. Bxe4 f5 28. b3 Nd6 29. f3 fxe4 30. fxe4 Rxe4 31. Qd3 Qc5+ 32. Kh1 Rxe1+ 33. Rxe1 Rf8 34. Re7+ Rf7 35. b4 Qb6 36. Re6 Rd7 37. Qd5 Qd8 38. Qe5+ Kg8 39. Kh2 h6 40. Rxg6+ Kh7 41. Re6 Nf7 42. Qe4+ Kg7 43. Qg4+ Kf8 44. Qf5 Qc7+ 45. Kg1 Rd1+ 46. Kf2 Rd2+ 47. Ke3 Rd6 48. Rxd6 Qxd6 49. Qxb5 Qg3+ 50. Kd4 Qf4+ 51. Kc5 Qe5+ 52. Kc6 Nd8+ 0-1

[Event "Titled Tuesday intern op 09th Mar"]
[Site "Chess.com INT"]
[Date "2021.03.09"]
[Round "11"]
[White "Fernandez Sanchez, Mario Andres"]
[Black "Sikorova, Olga"]
[Result "0-1"]
[WhiteElo "2093"]
[BlackElo "2215"]
[PlyCount "80"]
[EventDate "2021.03.09"]
[EventType "swiss (blitz)"]
[EventRounds "11"]
[EventCountry "USA"]
[SourceTitle "CBM 201 Extra"]
[Source "ChessBase"]
[SourceDate "2021.05.31"]
[SourceVersion "1"]
[SourceVersionDate "2021.05.31"]
[SourceQuality "1"]

1. d4 Nf6 2. Nf3 g6 3. Bf4 Bg7 4. e3 0-0 5. Be2 c5 6. c3 b6 7. 0-0 Bb7 8. h3 d6 9. Nbd2 Qc7 10. Bh2 Nbd7 11. a4 a6 12. Qb1 Bc6 13. Rc1 Qb7 14. b4 Ne4 15. Bf1 Ndf6 16. Qb2 Rfc8 17. b5 axb5 18. axb5 Nxd2 19. Nxd2 Be4 20. Ra6 cxd4 21. cxd4 Rxc1 22. Qxc1 Rc8 23. Qa1 Rc2 24. Ra7 Qd5 25. Nxe4 Qxe4 26. Ra8+ Bf8 27. Bf4 Kg7 28. f3 Qd5 29. Bd3 Rc1+ 30. Qxc1 Qxa8 31. e4 Qa4 32. Bh6+ Kg8 33. Qc8 Qxd4+ 34. Kh2 Nd7 35. Qxd7 Bxh6 36. Qc8+ Kg7 37. Qc4 Bf4+ 38. Kh1 Qf2 39. Qc3+ f6 40. Qc7 Qe1+ 0-1

[Event "Titled Tuesday intern op 09th Mar"]
[Site "Chess.com INT"]
[Date "2021.03.09"]
[Round "3"]
[White "Mickiewicz, Piotr"]
[Black "Fernandez Sanchez, Mario Andres"]
[Result "1-0"]
[WhiteElo "2245"]
[BlackElo "2093"]
[PlyCount "103"]
[EventDate "2021.03.09"]
[EventType "swiss (blitz)"]
[EventRounds "11"]
[EventCountry "USA"]
[SourceTitle "CBM 201 Extra"]
[Source "ChessBase"]
[SourceDate "2021.05.31"]
[SourceVersion "1"]
[SourceVersionDate "2021.05.31"]
[SourceQuality "1"]

1. e4 c5 2. Nf3 Nc6 3. d4 cxd4 4. Nxd4 g6 5. c4 Nf6 6. Nc3 Nxd4 7. Qxd4 d6 8. Be3 Bg7 9. f3 0-0 10. Qd2 Be6 11. Rc1 a6 12. Be2 Rc8 13. b3 Qa5 14. Na4 Qc7 15. Nb6 Rb8 16. 0-0 Nd7 17. Nd5 Qd8 18. b4 a5 19. bxa5 Nc5 20. Nb6 Qc7 21. Rc2 f5 22. exf5 Bxf5 23. Rcc1 Kh8 24. Rfd1 Be6 25. Bd4 Bxd4+ 26. Qxd4+ Kg8 27. Bf1 Nd7 28. Re1 Qc5 29. Rcd1 Qxd4+ 30. Rxd4 Nc5 31. Kf2 Rfe8 32. g3 Kf7 33. f4 Bf5 34. Re3 Rbd8 35. Bg2 Kf6 36. h3 h5 37. Rd2 e5 38. fxe5+ dxe5 39. Nd5+ Kf7 40. Rde2 Rd7 41. Kg1 Bd3 42. Rf2+ Kg7 43. Nf6 Ree7 44. Nxd7 Rxd7 45. Rxe5 Rc7 46. Bd5 Bf5 47. Kg2 Nd3 48. Rexf5 gxf5 49. Rxf5 Kg6 50. Be4 Kh6 51. Bxd3 Re7 52. Rd5 1-0

[Event "CRI-ch"]
[Site "San Jose"]
[Date "2020.01.14"]
[Round "5"]
[White "Fernandez Sanchez, Mario Andres"]
[Black "Chinchilla Miranda, Eugenio"]
[Result "0-1"]
[WhiteElo "2097"]
[BlackElo "2166"]
[PlyCount "98"]
[EventDate "2020.01.10"]
[EventType "swiss"]
[EventRounds "11"]
[EventCountry "CRI"]
[SourceTitle "CBM 194 Extra"]
[Source "ChessBase"]
[SourceDate "2020.03.31"]
[SourceVersion "1"]
[SourceVersionDate "2020.03.31"]
[SourceQuality "1"]

1. d4 Nf6 2. Bf4 d5 3. e3 e6 4. Nf3 Bd6 5. Bg3 0-0 6. Nbd2 c5 7. c3 Nc6 8. Bd3 b6 9. Ne5 Bb7 10. 0-0 Qc7 11. f4 Ne7 12. Bh4 Ne4 13. g4 f6 14. Nef3 g5 15. fxg5 Ng6 16. Qe1 fxg5 17. Bxe4 Nxh4 18. Bd3 Nxf3+ 19. Nxf3 h6 20. Qe2 Rae8 21. Bg6 Re7 22. Nd2 Rg7 23. Rxf8+ Bxf8 24. Bd3 e5 25. Bf5 Re7 26. Qf2 Bg7 27. Nf3 Ba6 28. Qg3 exd4 29. Qxc7 Rxc7 30. exd4 Be2 31. Be6+ Kf8 32. Bxd5 Bxf3 33. Bxf3 cxd4 34. Rf1 dxc3 35. bxc3 Bxc3 36. Bd5+ Ke8 37. Kg2 b5 38. Rb1 b4 39. Rd1 a5 40. Kf3 a4 41. Ke4 Re7+ 42. Kd3 Kd7 43. Rf1 Kd6 44. Bc4 Kc5 45. Rf5+ Be5 46. Bf7 b3 47. axb3 a3 48. Rf2 Kb4 49. Ra2 Rxf7 0-1

[Event "CRI-ch"]
[Site "San Jose"]
[Date "2020.01.12"]
[Round "3"]
[White "Fernandez Sanchez, Mario Andres"]
[Black "Duran Vega, Sergio"]
[Result "1-0"]
[WhiteElo "2097"]
[BlackElo "2353"]
[PlyCount "66"]
[EventDate "2020.01.10"]
[EventType "swiss"]
[EventRounds "11"]
[EventCountry "CRI"]
[SourceTitle "CBM 194 Extra"]
[Source "ChessBase"]
[SourceDate "2020.03.31"]
[SourceVersion "1"]
[SourceVersionDate "2020.03.31"]
[SourceQuality "1"]

1. d4 Nf6 2. Nf3 g6 3. Nbd2 d5 4. g3 c5 5. dxc5 Na6 6. c4 dxc4 7. Qa4+ Bd7 8. Qxc4 Be6 9. Qb5+ Qd7 10. e4 Qxb5 11. Bxb5+ Bd7 12. Bxa6 bxa6 13. b4 a5 14. a3 Rb8 15. Ne5 Bg7 16. Bb2 Ba4 17. Nec4 axb4 18. axb4 Bb5 19. Be5 Rb7 20. Na5 Rd7 21. Ndb3 0-0 22. Nd4 Bd3 23. 0-0-0 Nxe4 24. Bxg7 Kxg7 25. Rxd3 Rfd8 26. Rhd1 Kg8 27. Ndc6 Rxd3 28. Nxd8 Nxf2 29. Rd2 Kf8 30. Ndb7 Rf3 31. c6 Nd3+ 32. Rxd3 Rxd3 33. Kc2 Ke8 1-0

[Event "Alajuela op 5th"]
[Site "Alajuela"]
[Date "2014.01.23"]
[Round "3"]
[White "Ernst, Sipke"]
[Black "Fernandez Sanchez, Mario Andres"]
[Result "1-0"]
[WhiteElo "2573"]
[BlackElo "2097"]
[PlyCount "41"]
[EventDate "2014.01.22"]
[EventType "swiss"]
[EventRounds "9"]
[EventCountry "CRI"]
[SourceTitle "CBM 158 Extra"]
[Source "ChessBase"]
[SourceDate "2014.02.28"]
[SourceVersion "1"]
[SourceVersionDate "2014.02.28"]
[SourceQuality "1"]

1. d4 d5 2. c4 c6 3. Nf3 Nf6 4. Nc3 dxc4 5. a4 Bf5 6. Ne5 e6 7. f3 Bb4 8. e4 Bxe4 9. fxe4 Nxe4 10. Bd2 Qxd4 11. Nxe4 Qxe4+ 12. Qe2 Bxd2+ 13. Kxd2 Qd5+ 14. Kc3 Na6 15. Nxc4 Rd8 16. Qe5 Nc5 17. Be2 b5 18. Rhd1 b4+ 19. Kxb4 Na6+ 20. Ka3 Qxe5 21. Nxe5 1-0

[Event "San Jose op"]
[Site "San Jose"]
[Date "2013.07.21"]
[Round "8"]
[White "Duran Vega, Sergio"]
[Black "Fernandez Sanchez, Mario Andres"]
[Result "1-0"]
[WhiteElo "2286"]
[BlackElo "2198"]
[PlyCount "87"]
[EventDate "2013.06.29"]
[EventType "swiss"]
[EventRounds "9"]
[EventCountry "CRI"]
[SourceTitle "EXT 2014"]
[Source "ChessBase"]
[SourceDate "2013.11.20"]
[SourceVersion "1"]
[SourceVersionDate "2013.11.20"]
[SourceQuality "1"]

1. e4 c6 2. d4 d5 3. Nc3 dxe4 4. Nxe4 Bf5 5. Ng3 Bg6 6. h4 h6 7. Nf3 Nd7 8. h5 Bh7 9. Bd3 Bxd3 10. Qxd3 Ngf6 11. Bd2 e6 12. 0-0-0 Qc7 13. Ne4 Nxe4 14. Qxe4 Nf6 15. Qe2 0-0-0 16. g3 Rd5 17. Ne5 Rxd4 18. Bf4 Re4 19. Qd3 Bc5 20. Ng6 Rxf4 21. Nxf4 Bxf2 22. Qf3 Bc5 23. Nd3 Bd6 24. g4 Kb8 25. Kb1 Re8 26. g5 Ng8 27. Rhg1 hxg5 28. Rxg5 f6 29. Rg6 Nh6 30. Re1 Qf7 31. Nf2 Nf5 32. Qh3 Rh8 33. Qg4 a6 34. Nd1 Rh7 35. Ne3 Ne7 36. Rg1 Bc5 37. Rxg7 Qxh5 38. Rxh7 Qxh7 39. Qxe6 Qh4 40. Rf1 Qg3 41. Nd1 Nd5 42. Qe4 Ka7 43. c4 Qh3 44. Rh1 1-0

[Event "San Jose op"]
[Site "San Jose"]
[Date "2013.06.30"]
[Round "3"]
[White "Alfaro Rojas, Alfonso Jose"]
[Black "Fernandez Sanchez, Mario Andres"]
[Result "1-0"]
[WhiteElo "2349"]
[BlackElo "2198"]
[PlyCount "95"]
[EventDate "2013.06.29"]
[EventType "swiss"]
[EventRounds "9"]
[EventCountry "CRI"]
[SourceTitle "EXT 2014"]
[Source "ChessBase"]
[SourceDate "2013.11.20"]
[SourceVersion "1"]
[SourceVersionDate "2013.11.20"]
[SourceQuality "1"]

1. d4 d5 2. c4 c6 3. Nf3 Nf6 4. e3 g6 5. Nc3 Bg7 6. Be2 0-0 7. 0-0 a6 8. cxd5 cxd5 9. Bd2 Nbd7 10. a4 b6 11. b4 Bb7 12. Qb3 Ne4 13. Rfd1 Nxc3 14. Bxc3 Rc8 15. Rac1 Re8 16. Ne5 e6 17. Qb2 Bf8 18. Bd3 Nxe5 19. dxe5 Qd7 20. Qb3 Ra8 21. Rb1 Rec8 22. Bd4 b5 23. a5 Be7 24. Qb2 Qd8 25. Rdc1 Qf8 26. Rxc8 Rxc8 27. f4 Bc6 28. g3 Be8 29. h4 Kg7 30. Kf2 h5 31. Ke2 Bd7 32. Qd2 Kh7 33. Ba1 Bc6 34. Bd4 Bb7 35. Qb2 Rc7 36. Bc3 Rc8 37. Be1 Kg7 38. Qa1 Rc6 39. Bc3 Qc8 40. Kd2 Qf8 41. Rg1 Qh8 42. Kc2 Rc7 43. Kb3 Qd8 44. Kb2 Kf8 45. g4 hxg4 46. Rxg4 Bxh4 47. f5 Bg5 48. f6 1-0

[Event "World University-ch 12th"]
[Site "Guimaraes"]
[Date "2012.08.25"]
[Round "9"]
[White "Fernandez Sanchez, Mario Andres"]
[Black "Salazar Loor, Rodger Benjamin"]
[Result "1-0"]
[WhiteElo "2101"]
[BlackElo "2021"]
[PlyCount "149"]
[EventDate "2012.08.20"]
[EventType "swiss"]
[EventRounds "9"]
[EventCountry "POR"]
[SourceTitle "CBM 150 Extra"]
[Source "ChessBase"]
[SourceDate "2012.10.19"]
[SourceVersion "1"]
[SourceVersionDate "2012.10.19"]
[SourceQuality "1"]

1. d4 Nf6 2. Nf3 e6 3. c4 Bb4+ 4. Bd2 Qe7 5. g3 Bxd2+ 6. Nbxd2 Nc6 7. Bg2 0-0 8. 0-0 d6 9. e4 e5 10. d5 Nb8 11. Qc2 a5 12. b3 Na6 13. a3 Bd7 14. Ne1 c6 15. Nd3 cxd5 16. cxd5 Rfc8 17. Qb1 b5 18. Qb2 Qd8 19. Rfc1 Qb6 20. b4 a4 21. h3 h5 22. Ne1 Nh7 23. Nef3 g6 24. Rxc8+ Rxc8 25. Rc1 Qd8 26. Rc3 Rc7 27. Qc2 Qc8 28. Rxc7 Nxc7 29. Kh2 Qd8 30. Bf1 Ne8 31. Bd3 Qf6 32. Qd1 g5 33. Qe2 Nc7 34. Kg2 Qg6 35. Qe3 Be8 36. Nb1 Qf6 37. Nc3 Qd8 38. Qb6 Qd7 39. Nd2 Kg7 40. Nf1 f5 41. exf5 Nf6 42. Ne3 Bf7 43. Bxb5 Ncxd5 44. Bxd7 Nxb6 45. Bc6 Bb3 46. Nf1 d5 47. Nd2 Bc2 48. f3 Bxf5 49. Nxa4 Nxa4 50. Bxa4 Bd3 51. Kf2 d4 52. Bc6 Bf5 53. g4 hxg4 54. hxg4 Bd7 55. Bxd7 Nxd7 56. Ne4 Kg6 57. a4 Kf7 58. Nxg5+ Ke7 59. Ne4 Kd8 60. Ke2 Kc7 61. Kd3 Kc6 62. g5 Nf8 63. f4 exf4 64. Kxd4 Ng6 65. Nf6 f3 66. Ne4 Nf4 67. b5+ Kb6 68. Ke3 f2 69. Nxf2 Ng6 70. Ke4 Ne7 71. Nd1 Kc5 72. Ke5 Ng6+ 73. Kf6 Nf4 74. g6 Nd5+ 75. Kf7 1-0